History of Orissa Police (Record no. 501624)

000 -LEADER
fixed length control field 00357cam a22001217a 4500
008 - FIXED-LENGTH DATA ELEMENTS--GENERAL INFORMATION
fixed length control field 180718b1961 xxu||||| |||| 00| 0 eng d
082 ## - DEWEY DECIMAL CLASSIFICATION NUMBER
Classification number N4x5414 Sa19
245 ## - TITLE STATEMENT
Title History of Orissa Police
Statement of responsibility, etc. edited by Nabin Kumar Sahu
260 ## - PUBLICATION, DISTRIBUTION, ETC.
Place of publication, distribution, etc. Cuttack
Name of publisher, distributor, etc. Orissa Police Magazine
Date of publication, distribution, etc. 1961
300 ## - PHYSICAL DESCRIPTION
Extent 441p.
650 ## - SUBJECT ADDED ENTRY--TOPICAL TERM
Topical term or geographic name entry element Police --India --Orissa
700 ## - ADDED ENTRY--PERSONAL NAME
Personal name Sahu, Nabin Kumar
Holdings
Withdrawn status Lost status Damaged status Not for loan Permanent Location Current Location Date acquired Full call number Barcode Date last seen Price effective from Koha item type
        Indian Institute of Public Administration Indian Institute of Public Administration 2018-08-04 N4x5414 Sa19 GR4907 2018-08-04 2018-08-04 GR

Powered by Koha